| 000 | 01395nab a2200229 i 4500 | ||
|---|---|---|---|
| 001 | 768714001 | ||
| 003 | CO-MdFUSB | ||
| 005 | 20230419093636.0 | ||
| 008 | 171004p2016 gt ||||| |||| 00| 0 spa d | ||
| 022 | _a1014-9341 | ||
| 040 |
_aCO-MdFUSB _bspa _cCO-MdFUSB _dCO-MdFUSB |
||
| 041 | _aspa | ||
| 100 |
_aWilliams, Gary _eautor |
||
| 245 |
_aVida y obra del Dr. Gary Williams _c/ Gary Williams |
||
| 300 |
_aNúmero 58-59 (Enero - Diciembre, 2016), páginas 11-35 _c; 22 cm |
||
| 520 | 1 | _aCon este artículo se busca dar a conocer algunos aspectos de la vida de nuestro homenajeado que son muy significativos, pero que tal vez no son del dominio de todos. Inicialmente se presenta la hoja de vida Gary Williams, destacando sus cualificaciones academicas, listando diversas roles administrativos y docentes que ha desempeñado a lo largo de los años y desplegando una lista de sus publicaciones. En la segunda sección del articulo reproduce una entrevista que Gary Williams nos concedió en el mes de agosto del 2015. Y en la tercera sección nos comparte un estudio de caso que busca medir de alguna forma el impacto de su ministerio a través de su labor docente en el SETECA. | |
| 650 | 7 |
_9409 _aBiografía |
|
| 653 | _aHoja de vida | ||
| 653 | _aPublicaciones | ||
| 773 |
_049489 _976153 _gNúmero 58-59 (Enero - Diciembre, 2016), páginas 11-35 _qPáginas 11 _tKairos |
||
| 942 | _cANA | ||
| 999 |
_c64056 _d64056 |
||